Statistics for KSI Filmography

Click here to take the quiz!

General Stats

  • This quiz has been taken 34 times
    (4 since last reset)
  • The average score is 3 of 25

Answer Stats

TypeYearName% Correct
Documentary2018KSI: Can't Lose
75%
Film2016Laid in America
75%
Web Series2016-2022Sidemen
50%
Documentary2023KSI: In Real Life
25%
Film2021The KSI Show
25%
TV Mini-Series20145 Aside
0%
Web Series2017Bad Weather Films
0%
Video Game2018BoxTuber
0%
TV Show2020Celebrity Gogglebox
0%
Film2022Codename: Amsterdam
0%
Web Series2022Dream SNP
0%
Film2021In the Mud
0%
Documentary2019KSI: Can't Lose - Extended Cut
0%
TV Special2014KSI Demolished
0%
Short Film2020KSI Has Dinner with Craig David and Digital Farm Animals
0%
Video Game2016KSI Unleashed
0%
Short Film2018KSI vs. The Sidemen
0%
TV Show2020Mo Gilligan's All Star Happy Hour
0%
TV Special2020Sport Relief 2020
0%
TV Show2021Strictly Come Dancing
0%
TV Show2021The Great Celebrity Bake Off for SU2C
0%
TV Show2020The Playlist
0%
Web Series2021TommyInnit
0%
TV Show2020Top Gear
0%
TV Show2020, 2021Top of the Pops
0%

Score Distribution

Percentile by Number Answered

Percent of People with Each Score

Your Score History

You have not taken this quiz since the last reset